02103cam a22005534i 4500003000900000005001700009008004100026020001500067020001800082035002000100040004800120049000900168082002300177100003100200240001900231245008600250264002800336300006800364336002100432337002500453338002300478500011400501504003900615504003300654505016400687526000900851526000900860526000900869526000900878526000900887526000900896526000800905526000800913526000800921526000800929526000800937526000800945630002300953650005100976650004101027700003001068910002801098942001401126994001401140596000601154999016201160980005501322952017201377PE-LiUPU20250731184540.0190314s2003 mauab rb 001 0 eng d a039104205X a9780391042056 a(Sirsi) a251960 aPE-LiUPUbspacPE-LiUPUerdadPE-LiUPUerda aPRUA04a933.05092bJ742201 aJosephus, Flavius,eautor.1 aVita.lEnglish10aLife of Josephus /cFlavius Josephus ; Translation and commentary by Steve Mason. 1aLeiden :bBrill,c2003. aliv, 287 páginas :bilustraciones, mapas ;c23 centímetros. atext2rdacontent aunmediated2rdamedia avolume2rdacarrier aOriginally published as v. 9 of Flavius Josephus, translation and commentary (Leiden ; Boston : Brill, 2001). aBibliografía: páginas 229-239. aÍndice: páginas 241-287.0 aGalilean archaeology -- Josephus itinerary in the life -- Life / war parallels -- Hapax Legomena in the life -- Photius, bibliotheca 33, on Iustus of Tiberias. aP136 aP135 aP134 aP133 aP144 aP143 aP87 aP35 aP20 aP14 aP10 aP0607aJosephi vita.2swd04aJudiosx HistoriavObras tempranas hasta 1800. 7aJudiosxHistoriayRebelión, 66-73.1 aMason, Steve,etraductor. adbmbsagcsagd20190314 2ddccBOOK aC0bPEPRU a1 a933.05092 J74wLCc31220i79995d31220f2021-11-11g2lCCODEBUL1mBULp85.63q1r0sYtBOOKu2019-3-14xTEOLOGIAPP350COMPRAo.STAFF. Colección Teología 81gALBERTO SANCHEZ Responsable de Automatización r2025-12-03 00:00:00i3l0o933.05092 J74p79995te1v90.63w2019-03-14xFTyBKzinventario-2023-12-13102ddc50708GENfP35aBULbBULcGENd2019-03-14eCOMPRAg85.63